000 01296nam0a2200361 4500
001 RU\NLR\bibl\97726
005 20260405085656.0
010 _a5-88475-250-4
_9110000
020 _aRU
_b98-36877
_9Книжная летопись
021 _aRU
_b98-30170
_91429
035 _a(NLR Aleph) 000095530
090 _a537501
_c537501
100 _a20000410d1998 |||y0rusy50 ca
101 0 _arus
102 _aRU
105 _aa |||||||||
200 1 _aТосты, пожелания, поздравления
_e[В стихах
_fИ. А. Яворовская
_gИлл. Е. Пыльцына]
210 _aРостов н/Д
_cПроф-пресс
_d1998
215 _a468,[1] с.
_cил.
_d22
225 1 _aСерия "Хорошее настроение"
300 _aНа пер. авт.: И. Яворовская
610 0 _aТосты (х. л.)
675 _a882-1Яворовская
_v3
_zrus
686 _a17
_2rugasnti
686 _a84(2Рос-Рус)6
_2rubbk
701 1 _4070
_8rus
_7ca
_aЯворовская
_bИ. А.
_f1937-
_gИрина Алексеевна
_3RU\NLR\auth\7731574
_914584
801 0 _aRU
_bRKP
_c20000410
_gPSBO
801 1 _aRU
_bRKP
_c20000410
801 2 _aRU
_bNLR
_c20051213
_grcr
852 _aNLR
_j98-3/8948
942 _cBOOK
980 _aNB